| 000 | 01173cad a22002415a 4500 | ||
|---|---|---|---|
| 001 | E149453 | ||
| 008 | 100308s2009 xxko f 000 0 eng d | ||
| 020 | _a9781848060579 | ||
| 035 | _a(Sirsi) u149453 | ||
| 041 | 0 | _aeng | |
| 100 | 1 | _aYuzbasioglu, Gina | |
| 245 | 0 | 4 |
_aThe Merton Rule _ba review of the practical, environmental and economic effects _h[electronic resource] |
| 260 |
_aAmersham _bNHBC Foundation _c2009 |
||
| 490 | 0 |
_aNF _v11 |
|
| 520 | _aThe Merton Rule is the name of a policy first used by Merton Borough Council, which requires certain new-build developments to provide 10% of their energy from renewable sources. This report looks at the various views on this policy and discusses which options produce the greatest long-term reduction in emissions. | ||
| 521 | 2 | _aAdvanced | |
| 651 | 4 |
_aUnited Kingdom _y |
|
| 690 | _aENVIRONMENTAL AND LAND CONSULTANCY-ENERGY-RENEWABLE ENERGY | ||
| 700 | 2 | _aMason, John C. | |
| 700 | 1 | _aHewitt, Adrian | |
| 856 | 4 | 0 |
_uhttps://www.nhbcfoundation.org/LinkClick.aspx?fileticket=3%2bo9YZjUwk8%3d&tabid=339&mid=774&language=en-GB _zView the report free of charge (PDF file) at www.nhbcfoundation.org |
| 942 | _n0 | ||
| 999 |
_c110506 _d110506 |
||